Cultura Rapanui
שמור ב:
| מחבר ראשי: | |
|---|---|
| פורמט: | ספר |
| שפה: | ספרדית |
| יצא לאור: |
Santiago
Ministerio de Educación. Departamento de extensión cultural del Ministerio de Educación
1988
|
| סדרה: | Colección Culturas Indigenas. Serie Patrimonio Cultural de Chile
|
| נושאים: | |
| תגים: |
הוספת תג
אין תגיות, היה/י הראשונ/ה לתייג את הרשומה!
|
MARC
| LEADER | 00000nam a2200000 a 4500 | ||
|---|---|---|---|
| 001 | UCW6140 | ||
| 003 | CL-VaPUC | ||
| 008 | 911017e19880000CL |||||||||||||||||spa|d | ||
| 082 | 0 | 4 | |a 983.168 |b RAM |2 21 |
| 100 | 0 | |a Ramírez Aliaga, José Miguel |e author |9 311133 | |
| 245 | 1 | 0 | |a Cultura Rapanui |
| 300 | |a 97 p | ||
| 942 | |c BK | ||
| 945 | |d 19911017 00:00:00 | ||
| 260 | |a Santiago |b Ministerio de Educación. Departamento de extensión cultural del Ministerio de Educación |c 1988 | ||
| 650 | 0 | |a Civilización |9 255823 | |
| 651 | 7 | |a ISLA DE PASCUA, CHILE |2 CL-VaPUC |9 265154 | |
| 583 | |a last modification |c 19911017 00:00:00 |k Rodrigo Vera | ||
| 490 | 0 | |a Colección Culturas Indigenas. Serie Patrimonio Cultural de Chile | |
| 999 | |c 219301 |d 219299 | ||
| 952 | |0 0 |1 0 |4 0 |6 983_168000000000000_RAM_1988 |7 0 |8 A |9 210051 |a BIBEDU |b BIBEDU |d 2019-11-15 |i 2781425 |o 983.168 RAM 1988 |p 2781425 |r 2019-11-15 |w 2019-11-15 |y BK |k EDU | ||